000 00446nam a2200193Ia 4500
005 20240823041850.0
008 240823s9999||||xx |||||||||||||| ||und||
020 _a81-7584-111-0
041 _aENGLISH
082 _A791.4572 P1
100 _aRamjilall
245 0 _aJohn Osborne Look Back in Anger
250 _a19th
260 _c2001
_bRama Bro
500 _aTRANSFERED
650 _aGeneral
_bGeneral
942 _cBK
999 _c206518
_d206518